| 000 | 00883nam a2200265Ia 4500 | ||
|---|---|---|---|
| 003 | IN-BaIIA | ||
| 008 | 211028s9999 xx s 000 0 eng d | ||
| 020 | _a978-3-642-28704-6 (Print) | ||
| 020 | _a978-3-642-28705-3 (Online) | ||
| 022 | _a0933-033X (Print) | ||
| 022 | _a2196-2812 (Online) | ||
| 040 | _cIIA Library | ||
| 100 |
_aKolobov, Alexander V. _938569 |
||
| 245 | 0 |
_aChalcogenides _h[eBook] |
|
| 260 |
_aHeidelberg, Berlin _bSpringer Berlin Heidelberg _c2012 |
||
| 300 | _aOnline resource | ||
| 490 | _aSpringer Series in Materials Science | ||
| 650 |
_a Engineering, general _938570 |
||
| 650 | _a Optical and Electronic Materials | ||
| 650 | _a Optics, Lasers, Photonics, Optical Devices | ||
| 650 | _aMaterials Science | ||
| 700 |
_aTominaga, Junji _938571 |
||
| 856 |
_uhttp://doi.org/10.1007/978-3-642-28705-3 _yClick Here to Access eBook |
||
| 942 | _cEB | ||
| 999 |
_c20776 _d20776 |
||